Vzťah vývoja ekonomickej úrovne a cenovej hladiny v európskych ekonomikách diplomová práca

Enregistré dans:
Détails bibliographiques
Auteur principal: Števanková, Barbora
Collectivité auteur: Národohospodárska fakulta EU. Katedra hospodárskej politiky
Autres auteurs: Morvay, Karol, 1973-
Format: Livre
Langue:slovaque
Publié: Bratislava 2016
Tags: Ajouter un tag
Pas de tags, Soyez le premier à ajouter un tag!

MARC

LEADER 00000nbm a2200000 4500
001 0217834
005 20170201143126.2
041 0 |a slo 
044 |a SK 
245 1 0 |a Vzťah vývoja ekonomickej úrovne a cenovej hladiny v európskych ekonomikách  |b diplomová práca  |c Barbora Števanková ; školiteľ: Karol Morvay 
264 1 |a Bratislava  |c 2016 
300 |a 73 s. 
100 1 |a Števanková, Barbora 
700 1 |a Morvay, Karol, 1973- 
710 2 |a Národohospodárska fakulta EU. Katedra hospodárskej politiky